| 000 | 01143cam a22003377a 4500 | ||
|---|---|---|---|
| 003 | CHAP | ||
| 005 | 20220329141459.0 | ||
| 008 | 971013s1988 r 00010 d | ||
| 010 | _a68830 | ||
| 011 | _a69802 | ||
| 035 | _a79280 | ||
| 040 | _cCHAP | ||
| 082 |
_a631.4 _bW5 1988 |
||
| 100 | 0 | 0 |
_aWild, Alan. _9121910 |
| 245 | 0 | _aRussell's soil conditions and plant growth | |
| 250 | _a11 ed. | ||
| 260 |
_aNew York : _bLongman, _c1988 |
||
| 300 |
_a991 p. _b: ilus. |
||
| 590 |
_aBATCH-UPD _b10 _c20130110 _lUCH01 _h1641 |
||
| 590 |
_aBATCH-UPD _b10 _c20130410 _lUCH01 _h1031 |
||
| 590 |
_aBATCH-UPD _b10 _c20130914 _lUCH01 _h1919 |
||
| 590 |
_aCONVERSION _b10 _c20130109 _lUCH01 _h1338 |
||
| 650 | 1 | 4 |
_aPlantas _xCrecimiento _xAditivos. _988804 |
| 650 | 1 | 4 |
_aSuelos _xAnĂ¡lisis. _9110204 |
| 901 | _aBK | ||
| 942 | _cLIBRO | ||
| 949 |
_a631.4 W5 1988 _bBC _cLIBRO _d33724000556189 _eLIBRO _gI.145574 _h75172 _i79280 _si _t261.40 |
||
| 949 |
_a631.4 W5 1988 _bMA _cLIBRO _d-44702 _eLIBRO _fc.2 _h3198 _i79280 _si |
||
| 949 |
_a631.4 W5 1988 _bMA _cLIBRO _d-620 _eLIBRO _h3197 _i79280 _si |
||
| 949 |
_a631.4 W5 1988 _bZ _cLIBRO _d-7971 _eLIBRO _gI.160980 _h1270 _i79280 _si |
||
| 999 |
_c68830 _d68830 |
||